000 00721cam a2200205 4500
001 WB3543-03
008 000000n1999 000 0 eng u
035 _a(Sirsi) u101394
245 _aAuction room set for cyber revolution
260 _c1999
490 _aEstates Gazette
_v(9943) 30 October 1999, 129(1)
520 _aThe Essential Information Group (EIG) and ibidlive are planning to introduce live internet bidding into UK auction rooms by Christmas. People will be able to participate in the auction on the ibidlive.com website.
590 _aWB
650 _aINTERNET
650 _aINTERNET AUCTIONS
650 _aINTERNET BIDDING
650 _aWEBSITES
690 _aAuctioneering
_96218
942 _n0
999 _c60538
_d60538